OSUN Government unusual: a documentation of programmes, projects and impact under Ogbeni Rauf Aregbesola (2010 - 2018) (Record no. 33273)

MARC details
000 -LEADER
fixed length control field 00607nam a2200169Ia 4500
020 ## - INTERNATIONAL STANDARD BOOK NUMBER
ISBN 9789783108406
050 ## - CALL MARK
Classification number HC 1055.Z7 .O88/
245 #0 - TITLE STATEMENT
Title OSUN Government unusual: a documentation of programmes, projects and impact under Ogbeni Rauf Aregbesola (2010 - 2018)
260 ## - PUBLICATION, DISTRIBUTION, ETC. (IMPRINT)
Place of publication Osun
260 ## - PUBLICATION, DISTRIBUTION, ETC. (IMPRINT)
Name of publisher Policy and Economic Team
260 ## - PUBLICATION, DISTRIBUTION, ETC. (IMPRINT)
Year of publication 2018
300 ## - PHYSICAL DESCRIPTION
Number of Pages 294 p
650 ## - SUBJECT ADDED ENTRY--TOPICAL TERM
Topical Term Osun State (Nigeria)--Economic conditions. Osun State (Nigeria)--Social conditions. Osun State (Nigeria)--Politics and government.
942 ## - ADDED ENTRY ELEMENTS (KOHA)
Koha item type Books
Holdings
Withdrawn status Lost status Source of classification or shelving scheme Damaged status Not for loan Permanent Location Current Location Shelving location Date acquired Accession Number Price effective from Koha item type
    Library of Congress Classification     NILE UNIVERSITY OF NIGERIA - MAIN LIBRARY NILE UNIVERSITY OF NIGERIA - MAIN LIBRARY Items on shelf 04/23/2025 0194590 04/23/2025 Books